Occurrence of minor elements in water, (Record no. 29557)

MARC details
000 -LEADER
fixed length control field 00833cam a22002651 4500
001 - CONTROL NUMBER
control field gs 61000238
003 - CONTROL NUMBER IDENTIFIER
control field DLC
005 - DATE AND TIME OF LATEST TRANSACTION
control field 20260227111410.0
008 - FIXED-LENGTH DATA ELEMENTS--GENERAL INFORMATION
fixed length control field 821007s1961 dcuab b f000 0 eng c
010 ## - LIBRARY OF CONGRESS CONTROL NUMBER
LC control number gs 61000238
035 ## - SYSTEM CONTROL NUMBER
System control number (OCoLC)8839555
040 ## - CATALOGING SOURCE
Original cataloging agency U.S. Geol. Survey. Libr.
Transcribing agency MsSM
Modifying agency MsSM
-- DLC
042 ## - AUTHENTICATION CODE
Authentication code premarc
050 00 - LIBRARY OF CONGRESS CALL NUMBER
Classification number QE75
Item number .C5 no. 445
051 ## - LIBRARY OF CONGRESS COPY, ISSUE, OFFPRINT STATEMENT
Classification number TD380
Item number .D8
100 1# - MAIN ENTRY--PERSONAL NAME
Personal name Durum, W. H.
Fuller form of name (Walton Henry),
Dates associated with a name 1917-
245 10 - TITLE STATEMENT
Title Occurrence of minor elements in water,
Statement of responsibility, etc. by W.H. Durum and Joseph Haffty.
260 ## - PUBLICATION, DISTRIBUTION, ETC.
Place of publication, distribution, etc. Washington.
Date of publication, distribution, etc. 1961.
300 ## - PHYSICAL DESCRIPTION
Extent iii, 11 p.
Other physical details maps, diagrs., tables.
Dimensions 27cm.
410 20 - SERIES STATEMENT/ADDED ENTRY--CORPORATE NAME [OBSOLETE, CAN/MARC], [LOCAL, USA]
Corporate name or jurisdiction name as entry element Geological Survey (U.S.).
Title of a work Circular
Volume number/sequential designation 445
504 ## - BIBLIOGRAPHY, ETC. NOTE
Bibliography, etc. note Bibliography: p. 11.
650 #0 - SUBJECT ADDED ENTRY--TOPICAL TERM
Topical term or geographic name entry element Water
General subdivision Composition.
650 #0 - SUBJECT ADDED ENTRY--TOPICAL TERM
Topical term or geographic name entry element Water
General subdivision Analysis.
700 1# - ADDED ENTRY--PERSONAL NAME
Personal name Haffty, Joseph,
Dates associated with a name 1922-
Relator term joint author.

No items available.

Powered by Koha